00950nam a22002537a 45000010005000000030006000050050017000110080041000280200018000690400029000870500013001160820008001291000023001372450042001602600038002023000044002405050008002845200264002925210020005565210020005766500032005966500033006287000035006615423FISKH20241204155217.0241204b cb ||||| |||| 00| 0 eng d a9780545342353 aFISKHbengcFISKHdFISKH aPZ7.M992 a813 aMyers, Walter Dean aHarlem Summer /cby Walter Dean Myers aNew York :bScholastic ;c2007 .  a165 pages : billustrations ;c22 cm .  aW  aIn 1920s Harlem, sixteen-year-old Mark Purvis, an aspiring jazz saxophonist, gets a summer job as an errand boy for the publishers of the groundbreaking African American magazine, "The Crisis," but soon finds himself on the enemy list of mobster Dutch Shultz.8 a860 bLexile 8 aW bRaz-Plus  aHarlem RenaissancevFiction aBlack History MonthvFiction aEvans, Shane W. eillustrator